Statistics for Lol basic items

Click here to take the quiz!

General Stats

  • This quiz has been taken 32 times
  • The average score is 7 of 16

Answer Stats

Item nameCost% Correct
+10 ADLong Sword350
83%
+12% ASDagger300
71%
+40 ADB. F. Sword1300
63%
+150 HPRuby Crystal400
63%
+25 ADPickaxe875
58%
next autoattack deals 100% base ADSheen700
58%
+60 APNeedlessly Large Rod1250
50%
+40 APBlasting Wand850
42%
+15 ARCloth Armor300
42%
+250 ManaSapphire Crystal350
42%
activating gives a 2,5 sec inertion effectStopwatch650
42%
+20 APAmplifying Tome435
38%
+15% Crit ChanceCloak of Agility600
33%
+50% Mana RegenFaerie Charm250
29%
+25 MRNull-Magic Mantle450
21%
+100% HP RegenRejuvenation Bead300
13%

Score Distribution

Percentile by Number Answered

Percent of People with Each Score

Your Score History

You have not taken this quiz